000 01282nam1a22002531i 4500
001 RU\NLR\19V\936055
005 20260406220858.0
035 _a(NLR Aleph) 010690578
090 _a9683479
_c9683479
100 _a20150305g18831894k||y0rusy50 ca
101 0 _arus
102 _aRU
105 _ay z |||||
200 1 _aОтчет Благотворительного общества при Александровской больнице в память 19 февраля 1861 года...
210 _aС.-Петербург
_d1883-1894
215 _d19-23
300 _aЗагл. за 1893 г.: Отчет о деятельности Благотворительного общества при церкви Александровской городской больницы в память 19 февраля 1861 года...
620 _aRU
_dСанкт-Петербург
710 0 2 _aПетербургская городская Александровская больница в память 19 февраля 1861 г.
_bБлаготворительное общество
_9447818
_3RU\NLR\AUTH\889975451
801 0 _aRU
_bNLR
_c20150305
_gpsbo
801 1 _aRU
_bNLR
_c20150305
_2rusmarc
801 2 _aRU
_bNLR
_c20150305
_2rusmarc
852 _aNLR
_j18.160.1.412 (1-2)
942 _cBOOK